00835nam a2200217 a 450000500170000000800410001702000180005805000230007610000200009924500730011926000510019230000350024352100070027865000580028565000420034365000580038570000190044394200170046299900170047995201210049620140310183458.0100325s19uu xx 00 eng d a9780521724579 aPE 1128b.C47 2008 aCeramella, Nick aCambridge English for the Media /cNick Ceramella and Elizabeth Lee. aNew York :bCambridge University Press,c2008. a112 p. :bill. col. ;c24 cm.  aMC aEnglish languagexMediaxgrammarxstudy and teaching. aGrammarxMediaxcommunication skills. aMediaxEnglish languagexgrammarxstudy and teaching. aLee, Elizabeth cBK2lcckFOR c23775d23775 00102lcc40aCLbCLcGCd2010-03-25eDONATIONl0oPE 1128 .C47 2008pC10888r2018-05-15 00:00:00t1w2013-10-18yBK